000
00203 a2200097 4500
001
42748
100
_a
Hill
245
_a
Water Cooler Painting
260
_a
London
_b
Blandford
_c
090
_c
26639
_d
26639
942
_a
NUST-CAE
_c
M
_c
18490
999
_c
277821
_d
277821